| 000 | 00000nam 2200000zi 4500 |
| 001 | 9.946139 |
| 003 | CaOODSP |
| 005 | 20250121091710 |
| 006 | m o d f |
| 007 | cr bn||||||||| |
| 008 | 241213s1965 onca obu f001 0 eng d |
| 040 | |aCaOODSP|beng|erda|cCaOODSP |
| 043 | |an-cn--- |
| 086 | 1 |aNR24-77/1965E-PDF |
| 086 | 1 |aNR24-28/1965-7E-PDF |
| 245 | 00|aBuilding standards for the handicapped 1965 : |bsupplement no. 7 to the National Building Code of Canada / |cissued by: the Associate Committee on the National Building Code. |
| 246 | 10|aSupplement no. 7 to the National Building Code of Canada |
| 264 | 1|aOttawa, Canada : |bNational Research Council, |c1965. |
| 300 | |a1 online resource (20 pages, 2 unnumbered pages) : |billustrations |
| 336 | |atext|btxt|2rdacontent |
| 337 | |acomputer|bc|2rdamedia |
| 338 | |aonline resource|bcr|2rdacarrier |
| 500 | |aIssued also in French under title: Normes de construction pour les handicapés 1965 : supplément no 7 du Code national du bâtiment du Canada. |
| 504 | |aIncludes bibliographical references (page 3) and index. |
| 520 | |a"As a supplement to the National Building Code of Canada this document has no automatic mandatory position when the Code is adopted for use by federal, provincial or municipal governments. The supplement is written as a guide for those interested in the design and construction of buildings with provisions for making them usable by the physically handicapped"--Page 1. |
| 650 | 0|aBuilding laws|zCanada. |
| 650 | 0|aBuildings|xStandards|zCanada. |
| 650 | 0|aBarrier-free design|xLaw and legislation|zCanada. |
| 710 | 2 |aNational Research Council of Canada. |bAssociate Committee on the National Building Code, |eissuing body. |
| 775 | 08|tNormes de construction pour les handicapés 1965 : |w(CaOODSP)9.946758 |
| 794 | |tBuilding standards for the handicapped 1970 : |w(CaOODSP)9.946141 |
| 856 | 40|qPDF|s811 KB|uhttps://publications.gc.ca/collections/collection_2024/cnrc-nrc/NR24-77-1965-eng.pdf |
| 986 | |a8333 |